000 00714nam a22002657a 4500
003 UA-OsUOA
001 28684
007 ta
008 20050420b un ||||| |||| 00| 0 ukr d
100 _aКривошея В.
090 _a94(477).04:929.5
_bК82
942 _cBK
040 _aUA-OsUOA
_bukr
_cUA-OsUOA
_dUA-OsUOA
245 _aГенеологія українського козацтва
_bНариси історії козацьких полків
300 _a391 с.
955 _a0
041 _aukr
080 _a94(477).04:929.5
020 _a966-8518-20-9
260 _aК.
_bСтилос
_c2004
044 _aUA
250 _n2-е вид., доп.
650 7 _2UDC
999 _c315054
_d315054